00166 a2200085 4500250001700000245002700017100001600044260000900060300001100069 a2ème éd. aLes Glandes endocrines aDecourt, J. c1972 a126 p.